| 000 | 00839pam a2200241 a 4500 | ||
|---|---|---|---|
| 999 |
_c332439 _d332439 |
||
| 001 | 1934770 | ||
| 003 | NUST | ||
| 005 | 20171206093838.0 | ||
| 008 | 861125s1988 enka b 001 0 eng | ||
| 010 | _a 86031729 | ||
| 020 |
_a0631139079 : _c£25.00 ($49.95 U.S.) |
||
| 020 |
_a063115082X (pbk.) : _c£8.95 ($19.95 U.S.) |
||
| 040 |
_aDLC _cDLC _dDLC |
||
| 050 | 0 | 0 |
_aSB175 _b.T83 1988 |
| 082 | 0 | 0 |
_a631.53 TUD _219 |
| 100 | 1 |
_aTudge, Colin. _96957 |
|
| 245 | 1 | 0 |
_aFood crops for the future : _bthe development of plant resources / _cColin Tudge. |
| 260 |
_aOxford, UK ; _aNew York, NY USA : _bB. Blackwell, _c1988. |
||
| 300 |
_aviii, 225 p. : _bill. ; _c24 cm. |
||
| 500 | _aP.B | ||
| 504 | _aIncludes bibliographies and index. | ||
| 650 | 0 |
_aFood crops. _96958 |
|
| 906 |
_a7 _bcbc _corignew _d1 _eocip _f19 _gy-gencatlg |
||
| 942 |
_2ddc _cBK _kIESE |
||